Responses for Show #3195 - Friday, June 19, 1998

Dave Abbott game 4.

Contestants

[<< previous game]

John Shannon, a waiter from Riverside, California

Karen Donofrio Staros, a technical writer from Carlsbad, California

Dave Abbott, a musician and contract manager from Cincinnati, Ohio (whose 3-day cash winnings total $39,400)

[next game >>]

Jeopardy! Round responses

READ AMERICAN!
A RIVER RUNS FROM IT
PEOPLE IN SONG
POTENT POTABLES
AA
“G” WHIZ!
    $100 13
Mark Twain

Karen
    $100 26
the Nile

Karen
    $100 2
Bad, Bad Leroy Brown

Karen
    $100 18
vodka

Dave
    $100 7
Academy Award

Karen
    $100 1
golf balls

John
    $200 14
(Edgar Allan) Poe

Dave
    $200 30
the Amazon

Karen
    $200 9
Tom Dooley

Dave
    $200 19
(Karen: What is Curaçao?)

tequila

Karen
Triple Stumper
    $200 8
beep beep

John
    $200 3
a g-string

Dave
    $300 15
(Edgar Rice) Burroughs

Dave
    $300 28
the Volga

Karen
    $300 10
Daniel

John
    $300 20
burgundies

Triple Stumper
    $300 23
lava

John
    $300 4
gnatty

Dave
    $400 16
(Karen: Who is Washington Irving?)

James Fenimore Cooper

KarenJohn
    $400 27
the Danube

Dave
    $400 11
(Dave: Who is Peggy Sue?)

Mary Lou

DaveKaren
    $400 21
Seagram's 7

John
    $400 24
American Airlines

Dave
    $400 5
gingerly

Dave
    $500 17
Steinbeck

John
    $500 29
Ontario

Karen
    $500 12
Suzie Q

John
    $500 22
sack

Dave
    $500 25
1.5 volts

Triple Stumper
    $500 6
a gopher

Karen

Scores at the first commercial break (after clue 15):

Dave Karen John
$1,200 $1,200 $1,100

Scores at the end of the Jeopardy! Round:

Dave Karen John
$2,600 $1,700 $2,700

Double Jeopardy! Round responses

“HARD” & “EASY” MOVIES
BUDDHISM
LONG LIVE THE KING
THE OLYMPICS
WRONG!
WHO SAID THAT?
    $200 1
Easy Rider

Dave
    $200 6
flowers

Dave
    $200 11
(Karen: What is the Declaration of Independence?)

George III

KarenJohn
    $200 12
tennis

Dave
    $200 16
barking

Karen
    $200 26
Benjamin Franklin

Karen
    $400 2
A Hard Day's Night

Karen
    $400 7
Dharma

Karen
    $400 13
Ferdinand

Dave
    $400 15
Russia

Karen
    $400 17
base

Karen
    $400 30
(Martin Luther) King

John
    $600 3
The Harder They Fall

Triple Stumper
    $600 8
four

Triple Stumper
    $600 14
Frederick the Great

John
    $2,000 21
diving

Dave
    $600 18
mistaken identity

Dave
    $600 29
(Alex: So he settled for a cigar instead.)

Sigmund Freud

Triple Stumper
    $800 4
The Big Easy

John
    $800 9
Kublai Khan

Dave
    $800 19
Albert

Triple Stumper
    $800 22
(Karen: What is the Terminator?)
(John: Who is Conan the Barbarian?)

Herminator

KarenJohn
Triple Stumper
    $800 24
typographical error

Dave
    $800 28
(Karen: Who is Shaw?)

Oscar Wilde

Karen
Triple Stumper
    $1000 5
Easy Money

Dave
    $1000 10
(Karen: What is a conundrum?)

koan

Karen
Triple Stumper
    $1000 20
Portugal

Dave
    $1000 23
marathon

Dave
    $2,000 25
faux pas

Dave
    $1000 27
(Gloria) Steinem

John

Scores at the end of the Double Jeopardy! Round:

Dave Karen John
$12,800 $900 $4,900
(lock game)

[wagering suggestions for these scores]

Final Jeopardy! Round responses

U.S. NEWSPAPERS
KarenWhat is the Miami Herald?
$0
JohnWhat is ?
$1,100
DaveWhat is the Miami Herald?
$3,000
The Miami Herald

Final scores:

Dave Karen John
$15,800 $900 $3,800
4-day champion: $55,200 3rd place: Festina Megaquartz Watches 2nd place: Trip to Catalina Island, California

Game dynamics:

Coryat scores:

Dave Karen John
$10,400 $900 $4,900
22 R
(including 2 DDs),
1 W
15 R
(including 1 DD),
6 W
13 R,
1 W

Combined Coryat: $16,200

[game clues] [game scores] [suggest correction]

Game tape date: 1998-03-04
The J! Archive is created by fans, for fans. Scraping, republication, monetization, and malicious use prohibited; this site may use cookies and collect identifying information. See terms. The Jeopardy! game show and all elements thereof, including but not limited to copyright and trademark thereto, are the property of Jeopardy Productions, Inc. and are protected under law. This website is not affiliated with, sponsored by, or operated by Jeopardy Productions, Inc. Join the discussion at JBoard.tv.